000 00474nam a2200145Ia 4500
008 100204s9999 xx 000 0 und d
082 _b2754
100 _aमाळी यशोदा यशवंत
245 _aपुनर्जन्म
260 _b"कॉन्टीनेंटल बुक सर्व्हिस, पुणे"
_c1948
300 _a38
630 _aपुनर्जन्म
730 _aपुनर्जन्म
942 _cBOOK
999 _c447781
_d447778